| 000 | 00500nam a2200193Ia 4500 | ||
|---|---|---|---|
| 999 |
_c2238 _d2238 |
||
| 003 | OSt | ||
| 005 | 20210603104533.0 | ||
| 008 | 151015s9999 xx 000 0 und d | ||
| 020 | _a132344939 | ||
| 040 |
_aMMU _beng _cMMU _dMMU |
||
| 050 | _aB 21 .P39 1996 | ||
| 100 | _aBaird Forrest E | ||
| 245 |
_aAncient philosophy/ _cForrest E.Baird |
||
| 260 |
_aNew: _b Jersey Simon, _c1996 |
||
| 300 | _axii, 558 p. : | ||
| 500 | _aIncludes index | ||
| 650 | _aancient | ||
| 942 |
_2lcc _cLOAN LOAN _e2nd ed. |
||